<?xml version="1.0" encoding="UTF-8"?>
<record
    xmlns:xsi="http://www.w3.org/2001/XMLSchema-instance"
    xsi:schemaLocation="http://www.loc.gov/MARC21/slim http://www.loc.gov/standards/marcxml/schema/MARC21slim.xsd"
    xmlns="http://www.loc.gov/MARC21/slim">

  <leader>00999nam a22002297a 4500</leader>
  <controlfield tag="003">EG-ScBUE</controlfield>
  <controlfield tag="005">20220831102621.0</controlfield>
  <controlfield tag="008">100427s1986    ua|||||r|||| 000 0 ara d</controlfield>
  <datafield tag="040" ind1=" " ind2=" ">
    <subfield code="a">EG-ScBUE</subfield>
    <subfield code="b">ara</subfield>
    <subfield code="e">rda</subfield>
    <subfield code="c">EG-ScBUE</subfield>
    <subfield code="d">EG-ScBUE</subfield>
  </datafield>
  <datafield tag="082" ind1=" " ind2=" ">
    <subfield code="2">22</subfield>
    <subfield code="a">297.2</subfield>
    <subfield code="b">&#x637; &#x64A; &#x631;</subfield>
  </datafield>
  <datafield tag="100" ind1=" " ind2=" ">
    <subfield code="9">13704</subfield>
    <subfield code="a">&#x627;&#x644;&#x637;&#x64A;&#x631;&#x60C; &#x645;&#x635;&#x637;&#x641;&#x649; &#x645;&#x62D;&#x645;&#x62F; &#x627;&#x644;&#x62D;&#x62F;&#x64A;&#x62F;&#x64A;</subfield>
  </datafield>
  <datafield tag="245" ind1=" " ind2=" ">
    <subfield code="a">/&#x627;&#x644;&#x642;&#x648;&#x644; &#x627;&#x644;&#x62D;&#x642; &#x641;&#x64A; &#x627;&#x644;&#x628;&#x627;&#x628;&#x64A;&#x629; &#x648;&#x627;&#x644;&#x628;&#x647;&#x627;&#x626;&#x64A;&#x629; &#x648;&#x627;&#x644;&#x642;&#x627;&#x62F;&#x64A;&#x627;&#x646;&#x64A;&#x629; &#x648;&#x627;&#x644;&#x645;&#x647;&#x62F;&#x64A;&#x629;</subfield>
    <subfield code="c">&#x62A;&#x623;&#x644;&#x64A;&#x641; &#x645;&#x635;&#x637;&#x641;&#x649; &#x645;&#x62D;&#x645;&#x62F; &#x627;&#x644;&#x62D;&#x62F;&#x64A;&#x62F;&#x64A; &#x627;&#x644;&#x637;&#x64A;&#x631;</subfield>
  </datafield>
  <datafield tag="260" ind1=" " ind2=" ">
    <subfield code="a">[&#x627;&#x644;&#x642;&#x627;&#x647;&#x631;&#x629;] :</subfield>
    <subfield code="b">&#x627;&#x644;&#x62F;&#x627;&#x631; &#x627;&#x644;&#x645;&#x635;&#x631;&#x64A;&#x629; &#x627;&#x644;&#x644;&#x628;&#x646;&#x627;&#x646;&#x64A;&#x629; &#x60C; 1986</subfield>
    <subfield code="c">1986</subfield>
  </datafield>
  <datafield tag="300" ind1=" " ind2=" ">
    <subfield code="a">151 &#x635; &#x61B;</subfield>
    <subfield code="c">20 &#x633;&#x645;</subfield>
  </datafield>
  <datafield tag="500" ind1=" " ind2=" ">
    <subfield code="a">&#x625;&#x647;&#x62F;&#x627;&#x621;: &#x639;&#x644;&#x627;&#x621; &#x639;&#x628;&#x62F; &#x627;&#x644;&#x63A;&#x646;&#x64A;</subfield>
  </datafield>
  <datafield tag="650" ind1=" " ind2=" ">
    <subfield code="9">13294</subfield>
    <subfield code="a">&#x627;&#x644;&#x641;&#x631;&#x642; &#x627;&#x644;&#x625;&#x633;&#x644;&#x627;&#x645;&#x64A;&#x629;</subfield>
    <subfield code="2">BUEsh</subfield>
  </datafield>
  <datafield tag="650" ind1=" " ind2=" ">
    <subfield code="9">13706</subfield>
    <subfield code="a">&#x627;&#x644;&#x628;&#x627;&#x628;&#x64A;&#x629; (&#x641;&#x631;&#x642; &#x625;&#x633;&#x644;&#x627;&#x645;&#x64A;&#x629;)</subfield>
    <subfield code="2">BUEsh</subfield>
  </datafield>
  <datafield tag="650" ind1=" " ind2=" ">
    <subfield code="9">13707</subfield>
    <subfield code="a">&#x627;&#x644;&#x628;&#x647;&#x627;&#x626;&#x64A;&#x629; (&#x641;&#x631;&#x642; &#x625;&#x633;&#x644;&#x627;&#x645;&#x64A;&#x629;)</subfield>
    <subfield code="2">BUEsh</subfield>
  </datafield>
  <datafield tag="650" ind1=" " ind2=" ">
    <subfield code="9">13708</subfield>
    <subfield code="a">&#x627;&#x644;&#x642;&#x627;&#x62F;&#x64A;&#x627;&#x646;&#x64A;&#x629; (&#x641;&#x631;&#x642; &#x625;&#x633;&#x644;&#x627;&#x645;&#x64A;&#x629;)</subfield>
    <subfield code="2">BUEsh</subfield>
  </datafield>
  <datafield tag="651" ind1=" " ind2=" ">
    <subfield code="2">BUEsh</subfield>
  </datafield>
  <datafield tag="942" ind1=" " ind2=" ">
    <subfield code="2">ddc</subfield>
    <subfield code="c">BB</subfield>
  </datafield>
  <datafield tag="999" ind1=" " ind2=" ">
    <subfield code="c">13942</subfield>
    <subfield code="d">13942</subfield>
  </datafield>
  <datafield tag="952" ind1=" " ind2=" ">
    <subfield code="0">0</subfield>
    <subfield code="1">0</subfield>
    <subfield code="2">ddc</subfield>
    <subfield code="4">0</subfield>
    <subfield code="7">0</subfield>
    <subfield code="8">Donation-G</subfield>
    <subfield code="a">MAIN</subfield>
    <subfield code="b">MAIN</subfield>
    <subfield code="c">LOW</subfield>
    <subfield code="d">2010-04-27</subfield>
    <subfield code="e">Donation</subfield>
    <subfield code="o">297.2 &#x637; &#x64A; &#x631;</subfield>
    <subfield code="p">000020734</subfield>
    <subfield code="r">2025-07-15 00:00:00</subfield>
    <subfield code="s">2010-10-14</subfield>
    <subfield code="y">BB</subfield>
  </datafield>
</record>
